Normal view
MARC view
- Dr Jawed
Entry Personal Name
001 - CONTROL NUMBER
- control field: 48246
003 - CONTROL NUMBER IDENTIFIER
- control field: NUST
005 - DATE AND TIME OF LATEST TRANSACTION
- control field: 20210314134017.0
008 - FIXED-LENGTH DATA ELEMENTS
- fixed length control field: 210314|| aca||aabn | a|a d
040 ## - CATALOGING SOURCE
- Original cataloging agency: NUST
- Transcribing agency: NUST
100 ## - HEADING--PERSONAL NAME
- Personal name: Dr Jawed
670 ## - SOURCE DATA FOUND
- Source citation: Work cat.: (NUST): Fakhar Alam, Syndicate No 7 48245, Understanding, identification and utilization of hill torrents of Pakistan, 2011
